Otevřenost ekonomiky a industrializace v subsaharské Africe — případ Gambie
Faktory, ktoré stáli za rýchlým otváraním sa gambijskej ekonomiky. Dôvody, prečo napriek tomu nedošlo medzi rokmu 2001 a 2012 k industrializácii .
Uložené v:
| Hlavný autor: | |
|---|---|
| Médium: | Kapitola |
| Jazyk: | Czech |
| Predmet: | |
| Tagy: |
Žiadne tagy, Buďte prvý, kto otaguje tento záznam!
|
MARC
| LEADER | 00000naa a2200000 4500 | ||
|---|---|---|---|
| 001 | 0209681 | ||
| 005 | 20220713131217.8 | ||
| 041 | 0 | |a cze | |
| 044 | |a CZ | ||
| 245 | 1 | 0 | |a Otevřenost ekonomiky a industrializace v subsaharské Africe — případ Gambie |c Jiří Sejkora |
| 520 | |a Faktory, ktoré stáli za rýchlým otváraním sa gambijskej ekonomiky. Dôvody, prečo napriek tomu nedošlo medzi rokmu 2001 a 2012 k industrializácii . | ||
| 610 | 2 | 0 | |a Subsahara |
| 610 | 2 | 0 | |a Gambia |
| 610 | 2 | 0 | |a industrializácia |
| 610 | 2 | 0 | |a hospodárstvo otvorené |
| 610 | 2 | 0 | |a reformy štruktúrne |
| 610 | 2 | 0 | |a vývoj hospodársky |
| 100 | 1 | |a Sejkora, Jiří | |